000 00455nam a2200181Ia 4500
001 10746
005 20260306161855.0
008 260306t1986||||xx |||||||||||||| ||spa||
041 _aESP
082 _a946.9042
_bR81
100 _aRomero, Emilio
_eAUT
245 0 _aTragicomedia de España:
_b(unas memorias sin contemplación)
260 _c1986
300 _a307 páginas :
_c24 cm.
650 _aGEN
654 _aCHU
942 _cLIB
_dJUS
_fJUS
_2ddc
_n
999 _c10746
_d10746